| 000 | 00394 a2200157 4500 | ||
|---|---|---|---|
| 001 | 52597 | ||
| 020 | _a | ||
| 040 | _cAnchieta - Pituba | ||
| 100 | _aFabiane Mesquita e Suilan Lago | ||
| 240 | 1 | 0 |
_aAvaliação de Língua Portuguesa, II Unidade _lpor |
| 245 | 1 | 0 | _aAvaliação de Língua Portuguesa, II Unidade |
| 300 | _a5 | ||
| 362 | 0 | _a2015 | |
| 650 | 4 | _aLíngua Portuguesa | |
| 942 | _cBK | ||
| 999 |
_c52597 _d52597 |
||